Technical Writing (Record no. 230194)
[ view plain ]
| 000 -LEADER | |
|---|---|
| fixed length control field | 01601nam a22002417a 4500 |
| 005 - DATE AND TIME OF LATEST TRANSACTION | |
| control field | 20240311112127.0 |
| 008 - FIXED-LENGTH DATA ELEMENTS--GENERAL INFORMATION | |
| fixed length control field | 240311b ||||| |||| 00| 0 eng d |
| 020 ## - INTERNATIONAL STANDARD BOOK NUMBER | |
| International Standard Book Number | 9789350976722 |
| 040 ## - CATALOGING SOURCE | |
| Transcribing agency | AL |
| 041 ## - LANGUAGE CODE | |
| Language code of text/sound track or separate title | eng |
| 082 ## - DEWEY DECIMAL CLASSIFICATION NUMBER | |
| Edition number | 23 |
| Classification number | 428 |
| Item number | JAYT |
| 100 ## - MAIN ENTRY--PERSONAL NAME | |
| Personal name | Sajitha Jayaprakash |
| 100 ## - MAIN ENTRY--PERSONAL NAME | |
| 9 (RLIN) | 153671 |
| 245 ## - TITLE STATEMENT | |
| Title | Technical Writing |
| 260 ## - PUBLICATION, DISTRIBUTION, ETC. | |
| Place of publication, distribution, etc. | Mumbai |
| Name of publisher, distributor, etc. | Himalaya Publishing House |
| Date of publication, distribution, etc. | 2017 |
| 300 ## - PHYSICAL DESCRIPTION | |
| Extent | xxx,561p. |
| Other physical details | HB |
| Dimensions | 28x22cm. |
| 365 ## - TRADE PRICE | |
| Price type code | 8331 |
| Price amount | 1596.00 |
| Currency code | ₹ |
| Unit of pricing | 1995.00 |
| Price note | 20% |
| Price effective from | 04-03-2024 |
| 520 ## - SUMMARY, ETC. | |
| Summary, etc. | This book covers all the basic aspects of technical writing and so, it is a one stop reference point for the new writers and even those who are pursuing a career in this field. This book is not restricted to the technical writers. It can be used by anyone who is interested in learning to write well--freshers, technical writers, translators, managers (not related to documentation), students, etc. For those who are looking at making a career in this field, this book will help them understand the concepts of technical writing which will in turn help them make appropriate decision regarding their career choice. CONTENTS - Part I : About Technical Writing Part II : Documentation Development Life Cycle (DDLC) Part III : Post-Writing Process Part IV : Styles and Standards Part V : Structure of the Document Part VI : Technical Writer At Work Part VII : Language and Checklists Part VIII : Appendices |
| 650 ## - SUBJECT ADDED ENTRY--TOPICAL TERM | |
| Topical term or geographic name entry element | Planning the Project |
| 9 (RLIN) | 153641 |
| 650 ## - SUBJECT ADDED ENTRY--TOPICAL TERM | |
| Topical term or geographic name entry element | Styles and Standards |
| 9 (RLIN) | 153642 |
| 650 ## - SUBJECT ADDED ENTRY--TOPICAL TERM | |
| Topical term or geographic name entry element | Language and Checklists |
| 9 (RLIN) | 153643 |
| 700 ## - ADDED ENTRY--PERSONAL NAME | |
| Personal name | JAYAPRAKASH (SAJITHA) |
| 9 (RLIN) | 153644 |
| 942 ## - ADDED ENTRY ELEMENTS (KOHA) | |
| Source of classification or shelving scheme | Dewey Decimal Classification |
| Koha item type | Book |
| Withdrawn status | Lost status | Source of classification or shelving scheme | Damaged status | Not for loan | Collection code | Home library | Current library | Date acquired | Source of acquisition | Cost, normal purchase price | Total Checkouts | Full call number | Barcode | Date last seen | Cost, replacement price | Price effective from | Koha item type |
|---|---|---|---|---|---|---|---|---|---|---|---|---|---|---|---|---|---|
| Dewey Decimal Classification | English | St Aloysius Library | St Aloysius Library | 03/07/2024 | Biblios Book Point Surathkal Mangalore 575014 | 1596.00 | 428 JAYT | 077175 | 03/11/2024 | 1995.00 | 03/11/2024 | Book |